| 000 | 00562nam a2200193Ia 4500 | ||
|---|---|---|---|
| 003 | SGT | ||
| 020 | _a9788177586886 | ||
| 082 |
_a5.13 _bPRA |
||
| 100 | _aPratt, Terrence W. | ||
| 245 | _aProgramming languages : design and implementation | ||
| 250 | _a4th . . Ed. | ||
| 260 |
_bPearson _aN.Delhi _c2009 |
||
| 300 | _a590p. | ||
| 650 | _aCOMPUTER SCIENCE | ||
| 653 | _aLANGUAGE DESIGN ISSUES,IMPACT OF MACHINE ARCHITECTURES,LANGUAGE TRANSLATION ,MODELING LANGUAGE PROPERTIES | ||
| 700 | _aGopal,T.V | ||
| 700 | _aZelkowitz,V Marvin | ||
| 942 |
_2ddc _cBK _012 |
||
| 999 |
_c5156 _d5156 |
||